Estadísticas para Países que comienzan con C

Haz click aquí para tomar la prueba!

Estadísticas generales

  • Esta prueba ha sido tomada 7,748 veces
    (7,691 desde el último reinicio)
  • La puntuación promedio es 12 de 17

Estadísticas de respuestas

País % Correcto
Canadá
95%
Colombia
92%
China
82%
Camerún
79%
Chile
79%
Costa Rica
75%
Croacia
74%
Cuba
72%
Corea del Norte
72%
Corea del Sur
72%
Camboya
71%
Chipre
69%
Comoras
68%
Chad
66%
Costa de Marfil
65%
Cabo Verde
60%
Catar
57%

Distribución de puntuación

Porcentaje por número respondido

Porcentaje de gente con cada puntuación

Historial de tus puntuaciones

No has tomado esta prueba desde el último reinicio